Practice-based Body of Real Estate Knowledge (Record no. 121787)
[ view plain ]
| 000 -LEADER | |
|---|---|
| fixed length control field | 01101cam a2200229 4500 |
| 008 - FIXED-LENGTH DATA ELEMENTS--GENERAL INFORMATION | |
| fixed length control field | 240202t2013 xxk 000 0 eng u |
| 041 ## - LANGUAGE CODE | |
| Language code of text/sound track or separate title | eng |
| 110 2# - MAIN ENTRY--CORPORATE NAME | |
| Corporate name or jurisdiction name as entry element | Royal Institution of Chartered Surveyors |
| 9 (RLIN) | 4900 |
| 245 00 - TITLE STATEMENT | |
| Title | Practice-based Body of Real Estate Knowledge |
| Medium | [electronic resource] |
| 260 ## - PUBLICATION, DISTRIBUTION, ETC. | |
| Place of publication, distribution, etc. | London, |
| Name of publisher, distributor, etc. | RICS, |
| Date of publication, distribution, etc. | 2013 |
| 300 ## - PHYSICAL DESCRIPTION | |
| Extent | 30p. |
| 490 #0 - SERIES STATEMENT | |
| Series statement | RICS Research |
| 520 ## - SUMMARY, ETC. | |
| Summary, etc. | This study explored the activities that constitute the body <br/>of knowledge of real estate practitioners in order to <br/>represent practice better so that it can be improved <br/>and real estate education can be aligned to industry <br/>requirements. This went beyond notions of competency <br/>to establish the complexity and indeterminacy of practice <br/>activities. |
| 650 24 - SUBJECT ADDED ENTRY--TOPICAL TERM | |
| Topical term or geographic name entry element | SURVEYING PROFESSION |
| 651 #4 - SUBJECT ADDED ENTRY--GEOGRAPHIC NAME | |
| Geographic name | International |
| 690 ## - LOCAL SUBJECT ADDED ENTRY--TOPICAL TERM (OCLC, RLIN) | |
| Topical term or geographic name as entry element | RICS |
| 9 (RLIN) | 6277 |
| 700 1# - ADDED ENTRY--PERSONAL NAME | |
| Personal name | Eriksson, Clare |
| 700 1# - ADDED ENTRY--PERSONAL NAME | |
| Personal name | Rowlands, James |
| 700 1# - ADDED ENTRY--PERSONAL NAME | |
| Personal name | Johal, Amanprit |
| 856 48 - ELECTRONIC LOCATION AND ACCESS | |
| Uniform Resource Identifier | <a href="https://www.propertyresearchtrust.org/uploads/1/3/4/8/134819607/real_estate_knowledge.pdf">https://www.propertyresearchtrust.org/uploads/1/3/4/8/134819607/real_estate_knowledge.pdf</a> |
| Public note | Available from the Property Research Trust |
| 942 ## - ADDED ENTRY ELEMENTS (KOHA) | |
| Suppress in OPAC | 0 |
| Source of classification or shelving scheme | Dewey Decimal Classification |
| Withdrawn status | Lost status | Damaged status | Not for loan | Home library | Current library | Shelving location | Date acquired | Total Checkouts | Full call number | Date last seen | Price effective from | Koha item type |
|---|---|---|---|---|---|---|---|---|---|---|---|---|
| Virtual | Virtual | 02/02/2024 | SCAN | 02/02/2024 | 02/02/2024 | News article |